000 00347nam a2200145 4500
008 190131s1998||||xo d
245 1 0 _a101 praktických rád - Multimédiá
250 _a1. vydanie
260 _bIKAR
_aBratislava
_c1998
300 _a71 s.
020 _a80-7118-618-X
_c0
041 1 _aslo
044 _axo
_cSK
958 _aAPR
999 _c22057
_d22057